Analysis of the U.S. business cycle with a vector-Markov-Switching-model

Salvato in:
Dettagli Bibliografici
Autore principale: Kontolemis, Zenon G.
Natura: Libro
Lingua:inglese
Pubblicazione: Washington International Monetary Fund 1999
Serie:IMF Working Paper WP/99/107
Soggetti:
Tags: Aggiungi Tag
Nessun Tag, puoi essere il primo ad aggiungerne!!

MARC

LEADER 00000nam a2200000 4500
001 c123719
005 20221221081545.3
041 0 |a eng 
044 |a US 
245 1 0 |a Analysis of the U.S. business cycle with a vector-Markov-Switching-model  |c Zenon G. Kontolemis 
264 1 |a Washington  |b International Monetary Fund  |c 1999 
300 |a 19 s. 
490 1 |a IMF Working Paper  |v WP/99/107 
830 0 |a IMF Working Paper  |v WP/99/107 
610 2 0 |a analýza radov časových 
610 2 0 |a procesy Markovove 
610 2 0 |a cykly hospodárske 
100 1 |a Kontolemis, Zenon G.